| 000 | 00669nam a2200169 i 4500 | ||
|---|---|---|---|
| 001 | 86910 | ||
| 003 | ES-MaACL | ||
| 005 | 20230906175541.0 | ||
| 007 | t| | ||
| 008 | 041216s1946 sp ||||1| spa d | ||
| 100 | 1 |
_aKologriwof, Ivan de. _968529 |
|
| 245 | 1 | 0 |
_aMetafísica del bolchevismo _b: = die metaphysik des bolchewismus : tres conferencias sobre sus fuentes espirituales : su historia : su naturaleza / _cIvan de Kologriwof ; [traducción del alemán por Francisco Payarols]. |
| 260 |
_aMadrid : _bPublicaciones Españolas, _c1946 ( _fS. Benzal) |
||
| 300 |
_a104 p. ; _c19 cm. |
||
| 700 | 1 |
_aPayarols, Francisco. _989715 |
|
| 852 |
_aES-MaACL _jB-10645 _bR.22639 |
||
| 999 |
_c86910 _d86910 |
||